00481nam a22001577a 450000500170000001000150001702000110003203500150004303700130005808200110007110000230008224500410010526000620014627000860020830000290029420190611125108.0 aENG-125488 c200.00 aEN-1090120 bDBAD/PUB a220.24 aRaghavendran, T.S. aMandukyopanishat/bT.S. Raghavendran aTiruchanur,c2019bSriman Madhva Siddhanta Onnahini Sabha aSriman Madhva Siddhanta Onnahini Sabha. (Near Tirupati A P).bTiruchanure517 503 axxxviii,108p.c21cm(pbk)